Loading...
| Current Events/Geography | 1 | 10.00 | 100% | 0% | 0% |
| Fine Arts - Classical Music | 5 | 16.00 | 100% | 60% | 0% |
| Fine Arts - Other Fine Arts | 5 | 18.00 | 100% | 60% | 20% |
| Fine Arts - Visual Fine Arts | 4 | 15.00 | 75% | 50% | 25% |
| Geography/Current Events | 2 | 20.00 | 100% | 100% | 0% |
| History - American History | 5 | 20.00 | 100% | 80% | 20% |
| History - European History | 6 | 15.00 | 100% | 50% | 0% |
| History - Other History | 3 | 23.33 | 100% | 100% | 33% |
| History - World History | 8 | 20.00 | 100% | 75% | 25% |
| Literature - American Literature | 6 | 13.33 | 100% | 33% | 0% |
| Literature - British Literature | 4 | 15.00 | 100% | 50% | 0% |
| Literature - European Literature | 5 | 20.00 | 80% | 80% | 40% |
| Literature - World/Other Literature | 3 | 13.33 | 100% | 33% | 0% |
| Mythology | 10 | 22.00 | 100% | 90% | 30% |
| Other Academic | 1 | 10.00 | 100% | 0% | 0% |
| Philosophy | 5 | 16.00 | 100% | 40% | 20% |
| Religion | 8 | 12.50 | 88% | 38% | 0% |
| Science - Biology | 6 | 18.33 | 100% | 83% | 0% |
| Science - Chemistry | 7 | 11.43 | 86% | 29% | 0% |
| Science - Other Science | 5 | 12.00 | 80% | 20% | 20% |
| Science - Physics | 7 | 14.29 | 100% | 29% | 14% |
| Social Science | 7 | 15.71 | 100% | 29% | 29% |
| World/Other Literature> | 1 | 20.00 | 100% | 100% | 0% |